000 02607cam a22004694i 4500
003 PE-LiUPU
005 20250731165519.0
008 150623s r 000 0 d
035 _a(Sirsi) a26412
035 _a(Sirsi) a26412
040 _aPE-LiUPU
_bspa
_cPE-LiUPU
_erda
082 0 4 _a984.04
_bB16
_221
245 0 0 _aHomenaje a Bolivia en el primer centenario de su independencia 1825-1925 /
_cJ. Ricardo Alarcón A. dir.
264 1 _aLa Paz, Bolivia :
_b[s.e.],
_c1925.
300 _a1142 páginas :
_bilustraciones fotos, mapas ;
_c35 cm.
336 _atext
_2rdacontent
337 _aunmediated
_2rdamedia
338 _avolume
_2rdacarrier
505 0 _aBolivia pintoresca. Prehistoria Boliviana. Vestigios de antiguas culturas en Bolivia. Tradiciones relacionadas con la prehistoria boliviana e historia de los Kollas. Bolivia y su origen. La administración Saavedra. Bolivia, breve reseña histórica, geográfica y política. Aspecto físico general. Apuntes sobre geología y minerología bolivianas. Animales y plantas de Bolivia. Calendario histórico. El arte y la literatura en Bolivia. Apuntes para un diccionario biográfico boliviano. Administración Pública. Monografía de Sucre. Galería social de Sucre. Monografía de La Paz. Galería social de La Paz. Monografía de Oruro. Galería social de Oruro. Monografía de Cochabamba. Galería social de Chochabamba. Monografía de Potosí. Galería social de Potosí. Monografía de Uyuni. Galería social de Uyuni. Monografía de sud-chicas. Monografía de Tarija. Galería social de Tarija. Monografía de Santa Cruz. Galeria social de Santa Cruz. Monografía del Beni.
526 _aSEG44
526 _aSEG26
526 _aP151
526 _aP150
526 _aP149
526 _aP146
526 _aP145
526 _aP126
526 _aP125
526 _aP92
526 _aP75
526 _aP74
526 _aP27
526 _aP15
650 0 4 _aBolivia
_xHistoria
_yEmancipación 1809-1925.
700 1 _aAlarcón A., J. Ricardo,
_edir.
942 _2ddc
_cBOOK
949 _aRC 984.04 B16
_wDEWEY
_c1
_i51688
_lRC
_mBUL
_p50.00
_r0
_sY
_tBOOK
_u2015-6-24
_xBIBLIOTECA
_zUNKNOWN
_0COMPRA
_o.CIRCNOTE. No olvidar cambiar la fecha de devolución!!!!!!!
_o.STAFF. Colección General
994 _aC0
_bPEPRU
596 _a1
999 _aRC 984.04 B16
_wDEWEY
_c33441
_i51688
_f2021-11-8
_g5
_lRCG
_mBUL
_p50.00
_r1
_sY
_tBOOK
_u2015-6-24
_xBIBLIOTECA
_zUNKNOWN
_0COMPRA
_o.CIRCNOTE. No olvidar cambiar la fecha de devolución!!!!!!!
_o.STAFF. Colección General
_d33441
980 _81
_gALBERTO SANCHEZ Responsable de Automatización